Statystyki dla Kierowcy F1 2008

Kliknij tutaj aby rozwiązać quiz!

Ogólne statystyki

  • Ten quiz został rozwiązany 88 razy
  • Średni wynik to 14 z 22

Statystyki odpowiedzi

ZespółKierowca% Poprawnych
Robert Kubica
99%
Sebastian Vettel
97%
ING Renault F1 TeamFernando Alonso
96%
Vodafone McLaren MercedesLewis Hamilton
95%
Scuderia Ferrari MarlboroKimi Raikkonen
90%
Felipe Massa
84%
Mark Webber
81%
Honda Racing F1 TeamJenson Button
77%
BMW Sauber F1 TeamNick Heidfeld
71%
AT&T WilliamsNico Rosberg
70%
Red Bull RacingDavid Coulthard
60%
Rubens Barrichello
58%
Heikki Kovalainen
55%
Panasonic Toyota RacingJarno Trulli
53%
Nelson Piquet Jr.
52%
Timo Glock
52%
Force India F1 TeamAdrian Sutil
40%
Giancarlo Fisichella
38%
Super Aguri F1 TeamTakuma Sato
34%
Scuderia Toro RossoSebastien Bourdais
29%
Kazuki Nakajima
25%
Anthony Davidson
18%

Rozkład punktacji

Percentyl według liczby udzielonych odpowiedzi

Procent ludzi z każdym wynikiem

Twoja historia wyników

Nie rozwiązałeś tego quizu